| 000 | 00766nam a2200265Ia 4500 | ||
|---|---|---|---|
| 003 | OSt | ||
| 005 | 20221005045708.0 | ||
| 006 | a|||||r|||| 00| 0 | ||
| 007 | ta | ||
| 008 | 221004b |||||||| |||| 00| 0 ben d | ||
| 020 | _a8175722026 | ||
| 024 | _a19765 | ||
| 037 |
_bGift, 24/06/2015, _cTextual |
||
| 040 |
_aCRL _cCRL _bben |
||
| 041 |
_2ben _aben |
||
| 082 | _aO111,3(Y:45:61)x, 157P6 | ||
| 100 |
_aGhosh Uttam Ed. _9593919 |
||
| 245 | 0 | _aJames bond rachana sangraha | |
| 260 |
_aKolkata _bGranthtirth India _c2006 |
||
| 300 |
_a719p. _ccm. |
||
| 650 | _a ENGLISH LITERATURE | ||
| 650 | _aENGLISH LITERATURE | ||
| 942 |
_hO111,3(Y:45:61)x, 157P6 _cTEXL _2cc |
||
| 999 |
_c955561 _d955561 |
||